000 00554nam a2200205Ia 4500
005 20250923145031.0
008 008 250917s9999 xx 000 0 eng d
037 _aTextual
040 _aDSWL
_beng
_cDSWL
041 _aeng
_2eng
084 _aX:75, K1
_qDSWL
100 _aWagle, S.S.
_9831099
245 0 _aTechniques of planning
_cby S.S. Wagle
260 _aBombay
_bVora & Co Pub.Pvt Ltd
_c1961
300 _axiv,437 p.
365 _aINR
_b12
925 _g12
942 _cTEXL
_hX:75, K1
999 _c1446278
_d1446278